00623nam a22001817a 4500008004100000040005500041080001000096245003000106260004800136300001500184500001600199650001300215653001300228700002900241942001200270999001700282952014200299230808b |||||||| |||| 00| 0 eng d aNational Science LibrarycNational Science Library a576.3 aAdvances in cell biology  aNew York: bAppleton-Century-Crofts, c1970 aix, 337p.  aVol. 1 1970 aBiology  aScience  aPrescott, David M (Ed.)  2udccBK c58308d58308 00102udc4065763709111245aNSLbNSLcFF/Rk-2/C-12/R-5d1971-10-25hVol. 1 1970l0o576.3 p39755r2023-08-08 00:00:00w1971-10-25yBK